BASIC D.C PRINCIPLES THIS IS ELECTRONIC (Record no. 583495)

000 -LEADER
fixed length control field 00318nam a22001217a 4500
020 ## - INTERNATIONAL STANDARD BOOK NUMBER
International Standard Book Number 0-672-20657-9
082 ## - DEWEY DECIMAL CLASSIFICATION NUMBER
Classification number 621.381 BAS'B
100 ## - MAIN ENTRY--PERSONAL NAME
Personal name MANN, G. A,IRVIN, D. G,BURKE, W. E
9 (RLIN) 78359
245 ## - TITLE STATEMENT
Title BASIC D.C PRINCIPLES THIS IS ELECTRONIC
250 ## - EDITION STATEMENT
Edition statement VOL-1
260 ## - PUBLICATION, DISTRIBUTION, ETC.
Place of publication, distribution, etc. NEWYORK
Name of publisher, distributor, etc. HOWARD W. SAMS
Date of publication, distribution, etc. 1969
942 ## - ADDED ENTRY ELEMENTS (KOHA)
Koha item type Book
Holdings
Withdrawn status Lost status Damaged status Not for loan Permanent Location Current Location Shelving location Date acquired Total Checkouts Full call number Barcode Date last seen Price effective from Koha item type
        College of Electrical & Mechanical Engineering (CEME) College of Electrical & Mechanical Engineering (CEME) General Stacks 06/15/2017   621.381 BAS'B CEME-8284 06/28/2021 06/28/2021 Book
© 2023 Central Library, National University of Sciences and Technology. All Rights Reserved.